000 00480nam a2200145Ia 4500
008 151213s9999 xx 000 0 und d
100 _aRay B. Browre & Martin Light
245 _aCritical Approaches to American Literature - Voll- 11 - Walt Whifman to William Faulkner.
_cRay B. Browre & Martin Light
260 _aNew York
_bThomas Y. Gowell Com.
_c1965
300 _a3529 p.
650 _aEnglish
650 _aEnglish
700 _aRay B. Browre & Martin Light
999 _c2336
_d2336